000 01007nam a2200229Ia 4500
999 _c38770
_d38770
001 5119
003 GE_BSU
005 20190506142109.0
008 181216s1987||||ge |||||||||||||| ||geo||
040 _cGE_BSU
041 _ageo
080 _a628.1(075) ღ-83
100 _aღოღობერიძე, მ.
_9787
245 _aწყალმომარაგება 2 ნაწ. წყალმიმღები ნაგებობები:
_bსახელმძღვ. /
_cმ. ღოღობერიძე ; რედ. პ. ლაბარტყავა.
264 _aთბილისი :
_bგანათლება,
_c1987.
300 _a420 გვ. :
_bილ. ;
_c22 სმ.
504 _aბიბლიოგრ. : გვ.414.
653 _aწყალმომარაგება
653 _aწყალმიმღები ნაგებობები
700 _aლაბარტყავა, პ.
_eრედაქტორი
_9523
942 _cBK
_2udc